01389nam a2200241Ia 4500001000900000003001000009008004100019040002500060041001300085100001200098245005900110250001100169260006700180300001200247500026000259501011400519520026000633650004300893942000700936957000600943999004000949952015800989L103-578IT-CnALBA170116s9999||||xx |||||||||||||| ||und|| aIT-CnALBAcIT-CnALBA aITALIANO aAA. VV. 0aGRANDE ANTOLOGIA FILOSOFICA VOL. I PENSIERO CLASSICO.  a1a ed. a MILANO - COMObMARZORATI CARLO EDITORE c1954 [1° Ed.: n.d.] a803 p.  aDIREZIONE PADOVANI U. COORDINATORE MOSCHETTI M. PENSIERO CLASSICO. CARATTERI DEL PENSIERO CLASSICO. BIBLIOGRAFIA CRITICA DEL PENSIERO CLASSICO. I PRESOFISTI. INTRODUZIONE E TESTI. SOCRATE E LE SCUOLE SOCRATICHE. SOFISTI: INTRODUZIONE AI TESTI. PLATONE. AR aSocietà San Paolo EM - Piazza San Paolo, 14 - 12051 ALBA (CN) (non commercial uses only) ® Copyright 2017 aDIREZIONE PADOVANI U. COORDINATORE MOSCHETTI M. PENSIERO CLASSICO. CARATTERI DEL PENSIERO CLASSICO. BIBLIOGRAFIA CRITICA DEL PENSIERO CLASSICO. I PRESOFISTI. INTRODUZIONE E TESTI. SOCRATE E LE SCUOLE SOCRATICHE. SOFISTI: INTRODUZIONE AI TESTI. PLATONE. AR aDIZIONARI ED ENCICLOPEDIE DI FILOSOFIA cBK 71 a677bNOg Copie: 1 c259814d259814 0010406L_10357871aALBAbALBAd2017-01-16l0oL103-578r2017-01-16 00:00:00w2017-01-16yBKz(data import: 16 gennaio 2017) - By Epidotti, Vaglietti.